000 009160000a22002290004500
003 LK-CoMWRAF
005 20240503142625.0
008 230817t1991 ||||| |||| 00| 0 eng d
040 _aLK-CoMWRAF
_dLK-CoMWRAF
_eLK-CoMWRAF
041 _aeng
082 _a305.42
_bBUN
100 _aBunch, Charlotte
100 _aCarrillo, Roxanna
245 _aGender violence:
_ba development and human rights issue
260 _aNew Jersey:
_bCenter for Women's Global Leadership,
_c1991
300 _a41 p. ; 21 cm
_bBibliography included
505 _aIncludes papers on; Women's rights as human rights : toward a re-vision of human rights / Bunch, Charlotte Violence against women : an obstacle to development / Carrillo, Roxanna
650 _aWomen's Rights
650 _aWomen, Violence against
856 _uhttps://www.cwgl.rutgers.edu/docman/cwgl-publications-video/285-gender-violence-eng/file
942 _cBK
999 _c3108
_d3108